[Event "Ostravský koník 2014 - FIDE Open B"]
[Site "Ostrava, CZE"]
[Date "2014.05.02"]
[Round "7"]
[White "Kaplita, Ladislav"]
[Black "Chromík, Tomás"]
[Result "0-1"]
[WhiteElo "1678"]
[BlackElo "1939"]
[PlyCount "88"]

1. e4 e5 2. Nf3 Nf6 3. Nc3 Bb4 4. d3 d5 5. Bd2 Nc6 6. Nxd5 Nxd5 7. exd5 Bxd2+
8. Qxd2 Qxd5 9. Be2 f6 10. b3 Be6 11. O-O O-O-O 12. Rad1 g5 13. a4 h5 14. b4 h4
15. c4 Qd7 16. b5 Ne7 17. Qa5 Kb8 18. c5 Qd5 19. d4 e4 20. Ne1 g4 21. Qb4 g3
22. c6 Nf5 23. Nc2 gxf2+ 24. Rxf2 Rhg8 25. cxb7 h3 26. g3 e3 27. Nxe3 Nxe3 28.
Bf3 Qc4 29. Qxc4 Bxc4 30. Rc1 Rxd4 31. Be2 Bxe2 32. Rxe2 Rd1+ 33. Rxd1 Nxd1 34.
Rd2 Nc3 35. a5 Kxb7 36. b6 axb6 37. axb6 Kxb6 38. Rb2+ Nb5 39. Rf2 Rg6 40. Rf4
Rh6 41. Kf2 Nd6 42. Ke3 c5 43. Kd3 Kb5 44. Kc3 f5 0-1

[Event "Ostravský koník 2014 - FIDE Open B"]
[Site "Ostrava, CZE"]
[Date "2014.05.02"]
[Round "7"]
[White "Hlubina, Pavel"]
[Black "Repák, Jan"]
[Result "1-0"]
[WhiteElo "1930"]
[BlackElo "1679"]
[PlyCount "45"]

1. e4 c5 2. Nf3 d6 3. d4 cxd4 4. Nxd4 Nf6 5. Nc3 a6 6. Be3 e6 7. f3 Be7 8. Qd2
Nbd7 9. g4 h6 10. O-O-O Qc7 11. h4 b6 12. Bh3 Ne5 13. b3 d5 14. g5 Bb4 15. gxf6
Bxc3 16. Qf2 Qc5 17. Kb1 Nc4 18. bxc4 Qb4+ 19. Nb3 dxc4 20. fxg7 Bxg7 21. Bxb6
Bb7 22. Bd4 e5 23. Bd7+ 1-0

[Event "Ostravský koník 2014 - FIDE Open B"]
[Site "Ostrava, CZE"]
[Date "2014.05.02"]
[Round "7"]
[White "Veselský, Jan"]
[Black "Blecha, Josef"]
[Result "0-1"]
[WhiteElo "1655"]
[BlackElo "1890"]
[PlyCount "52"]

1. d4 Nf6 2. c4 d5 3. cxd5 Nxd5 4. e4 Nf6 5. Nc3 e6 6. Nf3 Be7 7. Bd3 a6 8. O-O
O-O 9. Bf4 Nc6 10. Bc2 g6 11. Rc1 Nb4 12. Bb3 c5 13. a3 Nc6 14. d5 exd5 15.
exd5 Nd4 16. Nxd4 cxd4 17. Qxd4 Nh5 18. Be5 Bd6 19. Rfe1 Bxe5 20. Rxe5 Bf5 21.
Rce1 Rc8 22. Re7 Ng7 23. Qf6 Ne8 24. Qd4 b6 25. Ne4 Qxe7 26. Ng5 Qxe1# 0-1

[Event "Ostravský koník 2014 - FIDE Open B"]
[Site "Ostrava, CZE"]
[Date "2014.05.02"]
[Round "7"]
[White "Týn, Marek"]
[Black "Bohanesová, Vendula"]
[Result "1-0"]
[WhiteElo "1878"]
[BlackElo "1652"]
[PlyCount "85"]

1. e4 e6 2. d4 d5 3. e5 c5 4. c3 Qb6 5. Nf3 Nc6 6. a3 Bd7 7. b4 cxd4 8. cxd4
Rc8 9. Be2 Nge7 10. O-O Nf5 11. Bb2 Be7 12. g4 Nh4 13. Nbd2 O-O 14. Nxh4 Bxh4
15. Nf3 Be7 16. Qd3 f6 17. exf6 Rxf6 18. Bc1 Be8 19. Be3 Bg6 20. Qd1 Be4 21.
Ne5 Qc7 22. f3 Bg6 23. f4 Be4 24. Bd3 Bxd3 25. Qxd3 a6 26. Rac1 Rcf8 27. Nxc6
bxc6 28. Qxa6 Rc8 29. b5 Rb8 30. Rxc6 Qd7 31. Rfc1 e5 32. h3 exf4 33. Bf2 Rbf8
34. Rxf6 Bxf6 35. Qc6 Qe7 36. Qxd5+ Kh8 37. Qc5 Qf7 38. d5 f3 39. b6 Be5 40. b7
Qf4 41. Qxf8+ Qxf8 42. Rc8 Kg8 43. Bc5 1-0

[Event "Ostravský koník 2014 - FIDE Open B"]
[Site "Ostrava, CZE"]
[Date "2014.05.02"]
[Round "7"]
[White "Depta, Tomás"]
[Black "Gil, Karel"]
[Result "0-1"]
[WhiteElo "1888"]
[BlackElo "1873"]
[PlyCount "37"]

1. e4 c5 2. c3 d5 3. exd5 Qxd5 4. d4 g6 5. Nf3 Bg7 6. Be3 cxd4 7. cxd4 Nf6 8.
Nc3 Qa5 9. Bb5+ Bd7 10. Bxd7+ Nbxd7 11. O-O O-O 12. Re1 e6 13. Qb3 Rfd8 14.
Rad1 Nb6 15. Ne5 Nfd7 16. Bd2 Rac8 17. Ne4 Qa4 18. Qh3 Qxd4 19. Bg5 0-1

[Event "Ostravský koník 2014 - FIDE Open B"]
[Site "Ostrava, CZE"]
[Date "2014.05.02"]
[Round "7"]
[White "Safarík, Roman"]
[Black "Hurta, Jirí"]
[Result "0-1"]
[WhiteElo "1739"]
[BlackElo "1844"]
[PlyCount "82"]

1. d4 Nf6 2. c4 c5 3. Nf3 cxd4 4. Nxd4 e5 5. Nb5 d5 6. cxd5 Bc5 7. e3 O-O 8.
Bc4 a6 9. N5c3 b5 10. Bb3 Nbd7 11. a3 b4 12. axb4 Bxb4 13. O-O e4 14. Nd2 Nc5
15. Na2 Nxb3 16. Nxb3 Bd6 17. f4 exf3 18. gxf3 Nxd5 19. f4 Nf6 20. Qf3 Qb6 21.
Nd4 Bb7 22. Qe2 Rae8 23. Nc3 Bc5 24. Na4 Qc7 25. Nxc5 Qxc5 26. Ra4 Qd5 27. Nf3
Qh5 28. f5 Re4 29. Rxe4 Nxe4 30. b3 Ng5 31. Kf2 Nxf3 32. e4 Qxh2+ 33. Kxf3 Qh3+
34. Kf4 Re8 35. Rd1 Bxe4 36. Qg4 Qh2+ 37. Qg3 Qxg3+ 38. Kxg3 Bxf5 39. Rd6 Ra8
40. Bd2 f6 41. b4 Kf7 0-1

[Event "Ostravský koník 2014 - FIDE Open B"]
[Site "Ostrava, CZE"]
[Date "2014.05.02"]
[Round "7"]
[White "Sumsal, Václav"]
[Black "Novák, Borivoj"]
[Result "0-1"]
[WhiteElo "1657"]
[BlackElo "1844"]
[PlyCount "109"]

1. d4 d5 2. Bf4 Nf6 3. e3 c6 4. c3 g6 5. h3 Bg7 6. Bd3 O-O 7. Nd2 Nbd7 8. Ngf3
b6 9. O-O Bb7 10. Re1 c5 11. Rc1 c4 12. Bb1 b5 13. e4 h6 14. e5 Nh7 15. Nf1 e6
16. Qd2 f5 17. Bxh6 Rf7 18. Bxg7 Kxg7 19. g3 Qe7 20. h4 Rh8 21. Kg2 Kg8 22.
N1h2 Rg7 23. Ng5 Nxg5 24. Qxg5 Qxg5 25. hxg5 a5 26. Rh1 Rgh7 27. Nf3 Nb6 28.
Rxh7 Rxh7 29. Bc2 b4 30. Ng1 Rh5 31. f4 Kg7 32. Ne2 Ba6 33. Rh1 Rxh1 34. Kxh1
b3 35. Bb1 bxa2 36. Bxa2 Na4 37. b3 Nb2 38. bxc4 Nxc4 39. Nc1 Nd2 40. Kg2 Ne4
41. Kf3 Nxc3 42. Ke3 a4 43. Kd2 Ne4+ 44. Ke3 Nxg3 45. Nd3 Bxd3 46. Kxd3 Kf7 47.
Kd2 Ke7 48. Kd3 Kd7 49. Kd2 Kc6 50. Kd3 Kb6 51. Kc2 Kb5 52. Kb2 Kb4 53. Bb1 Kc4
54. Kc2 Kxd4 55. Ba2 0-1

[Event "Ostravský koník 2014 - FIDE Open B"]
[Site "Ostrava, CZE"]
[Date "2014.05.02"]
[Round "7"]
[White "Mrázek, Roman"]
[Black "Románek, Zdenek"]
[Result "1-0"]
[WhiteElo "1842"]
[BlackElo "1671"]
[PlyCount "65"]

1. d4 d5 2. Nf3 Nf6 3. c4 c6 4. cxd5 cxd5 5. Bf4 Bf5 6. Nc3 e6 7. Qb3 Qb6 8.
Qxb6 axb6 9. e3 Bb4 10. Bb5+ Nc6 11. O-O O-O 12. Rfc1 Rfc8 13. Na4 Nd7 14. a3
Be7 15. Ne5 Ncxe5 16. dxe5 Rxc1+ 17. Rxc1 Nc5 18. Nxb6 Ra5 19. Be2 g5 20. Bg3
Nd3 21. Bxd3 Bxd3 22. Nc8 Bf8 23. Nd6 b5 24. f4 g4 25. Bh4 Ra8 26. Bf6 Rb8 27.
Rc3 Bg6 28. Rc5 Bd3 29. Rc7 Bg6 30. Kf2 h5 31. Kg3 Bg7 32. Be7 Kh7 33. Kh4 1-0

[Event "Ostravský koník 2014 - FIDE Open B"]
[Site "Ostrava, CZE"]
[Date "2014.05.02"]
[Round "7"]
[White "Cubok, Milan"]
[Black "Brzezny, Petr"]
[Result "0-1"]
[WhiteElo "1824"]
[BlackElo "1618"]
[PlyCount "82"]

1. d4 d5 2. c4 c6 3. e3 Nf6 4. Nc3 e6 5. Nf3 c5 6. cxd5 Nxd5 7. Bd3 Nc6 8. O-O
cxd4 9. exd4 Be7 10. Re1 O-O 11. a3 Bf6 12. Bc2 Bd7 13. Ne4 Be7 14. Qd3 g6 15.
Bh6 Re8 16. Rad1 Rc8 17. Bb1 Nb8 18. h4 Bc6 19. h5 Nd7 20. hxg6 hxg6 21. g3
N5f6 22. Neg5 Bxf3 23. Nxe6 Qa5 24. Ng5 Bd5 25. Re5 Nxe5 26. dxe5 Bc4 27. Qe3
Ng4 28. Qf4 Nxh6 29. Ne4 Red8 30. Rc1 Kg7 31. Nf6 Be6 32. Rf1 Rc4 33. Qg5 Rg4
34. Nh5+ Kh7 35. Qxe7 Ng8 36. Nf6+ Nxf6 37. Qxf6 Qd2 38. Qf3 b6 39. Ba2 Qd7 40.
Kg2 Bxa2 41. Rh1+ Kg8 0-1

[Event "Ostravský koník 2014 - FIDE Open B"]
[Site "Ostrava, CZE"]
[Date "2014.05.02"]
[Round "7"]
[White "Pesl, Jan"]
[Black "Pindjak, Michal"]
[Result "1-0"]
[WhiteElo "1780"]
[BlackElo "1766"]
[PlyCount "77"]

1. e4 e5 2. Nf3 Nc6 3. Bb5 a6 4. Ba4 Nf6 5. d3 d6 6. c3 Bd7 7. O-O g6 8. Re1
Bg7 9. d4 O-O 10. Bg5 h6 11. dxe5 Nxe5 12. Nxe5 Bxa4 13. Bxf6 Bxd1 14. Bxd8
Raxd8 15. Nxg6 fxg6 16. Rxd1 Rf4 17. Nd2 d5 18. exd5 Rxd5 19. Nf3 Rxd1+ 20.
Rxd1 Re4 21. Rd7 Re2 22. Rd2 Rxd2 23. Nxd2 b5 24. Ne4 Kf7 25. f3 a5 26. b3 Bf8
27. Kf2 Ke6 28. Ke3 Be7 29. Kd4 h5 30. g4 Kd7 31. gxh5 gxh5 32. c4 c6 33. cxb5
cxb5 34. Kd5 a4 35. Nc5+ Kc7 36. bxa4 Kb6 37. Nd7+ Ka5 38. axb5 Kxb5 39. f4 1-0

[Event "Ostravský koník 2014 - FIDE Open B"]
[Site "Ostrava, CZE"]
[Date "2014.05.02"]
[Round "7"]
[White "Filip, Tomás"]
[Black "Chrostek, Lukás"]
[Result "0-1"]
[WhiteElo "1608"]
[BlackElo "1769"]
[PlyCount "74"]

1. e4 e5 2. Nf3 Nc6 3. d4 exd4 4. Bc4 Nf6 5. e5 d5 6. Bb5 Ne4 7. Nxd4 Bd7 8.
Bxc6 bxc6 9. O-O Bc5 10. f3 Ng5 11. f4 Ne6 12. Be3 O-O 13. Qd2 f6 14. Nxe6
Bxe3+ 15. Qxe3 Bxe6 16. f5 d4 17. Qd3 Bd5 18. Qxd4 fxe5 19. Qxe5 Qg5 20. Qg3
Rxf5 21. Qxg5 Rxg5 22. g3 Re8 23. Nc3 Rge5 24. Rad1 h5 25. a4 g5 26. Nxd5 cxd5
27. Rd2 Rf8 28. Rxf8+ Kxf8 29. Kf2 Kf7 30. c4 c6 31. cxd5 cxd5 32. Rd4 Ke6 33.
b4 Kd6 34. g4 h4 35. Kf1 Re3 36. Kf2 Ra3 37. b5 Kc5 0-1

[Event "Ostravský koník 2014 - FIDE Open B"]
[Site "Ostrava, CZE"]
[Date "2014.05.02"]
[Round "7"]
[White "Hanák, Tomás"]
[Black "Cvik, Stepán"]
[Result "1/2-1/2"]
[WhiteElo "1757"]
[BlackElo "1723"]
[PlyCount "39"]

1. e4 c5 2. Nf3 Nc6 3. d4 cxd4 4. Nxd4 Nf6 5. Nc3 e5 6. Nb3 Bb4 7. Bg5 Qc7 8.
Bxf6 gxf6 9. Qd3 a5 10. O-O-O a4 11. Nd5 Qd8 12. Nd2 Be7 13. Nc4 Nb4 14. Nxb4
Bxb4 15. Nd6+ Bxd6 16. Qxd6 Qe7 17. Bb5 Rg8 18. g3 Rg6 19. Rd5 Qxd6 20. Rxd6
1/2-1/2

[Event "Ostravský koník 2014 - FIDE Open B"]
[Site "Ostrava, CZE"]
[Date "2014.05.02"]
[Round "7"]
[White "Halacz, Martin"]
[Black "Bergloviec, Jan"]
[Result "0-1"]
[WhiteElo "1000"]
[BlackElo "1869"]
[PlyCount "82"]

1. e4 c5 2. f4 d5 3. exd5 Qxd5 4. Nc3 Qd8 5. Nf3 Nc6 6. Bc4 e6 7. O-O Nf6 8. f5
exf5 9. d4 Nxd4 10. Ng5 Be6 11. Re1 Be7 12. Nxe6 fxe6 13. Nb5 Nxb5 14. Bxb5+
Kf7 15. Qf3 a6 16. Bc4 Qd4+ 17. Be3 Qxc4 18. Qxb7 Rab8 19. Qc7 Nd5 20. Qe5 Nxe3
21. Rxe3 Rbe8 22. c3 Bf6 23. Qd6 Re7 24. b3 Qb5 25. Rae1 Rhe8 26. Kh1 c4 27. a4
Qd5 28. Qxa6 cxb3 29. c4 Qb7 30. Qb5 Qxb5 31. axb5 b2 32. c5 Bd4 33. Rb3 Bxc5
34. Rxb2 Rb8 35. g3 e5 36. Rd1 Bd4 37. Rb3 Reb7 38. Rdb1 Ke6 39. Kg2 g5 40. h3
Kd5 41. Kf3 h5 0-1

[Event "Ostravský koník 2014 - FIDE Open B"]
[Site "Ostrava, CZE"]
[Date "2014.05.02"]
[Round "7"]
[White "Písa, Vladimír"]
[Black "Kubelová, Soòa"]
[Result "1-0"]
[WhiteElo "1981"]
[BlackElo "1639"]
[PlyCount "59"]

1. e4 c5 2. Nf3 Nc6 3. d4 cxd4 4. Nxd4 e6 5. Be2 Bc5 6. Nb3 Bb6 7. O-O Nf6 8.
Nc3 h6 9. Bf4 e5 10. Bg3 d6 11. Qd2 Be6 12. Rad1 Bxb3 13. axb3 Nd4 14. Kh1 Qc7
15. Bb5+ Nd7 16. Nd5 Qc5 17. Bxd7+ Kxd7 18. b4 Qc6 19. c3 f5 20. cxd4 f4 21.
Nxb6+ axb6 22. dxe5 fxg3 23. fxg3 Rhf8 24. Qe2 Rxf1+ 25. Qxf1 Ke8 26. exd6 Rd8
27. e5 Rd7 28. e6 Rxd6 29. Qf7+ Kd8 30. e7+ 1-0

[Event "Ostravský koník 2014 - FIDE Open B"]
[Site "Ostrava, CZE"]
[Date "2014.05.02"]
[Round "7"]
[White "Lamser, Tomás"]
[Black "Beluská, Tereza"]
[Result "0-1"]
[WhiteElo "1941"]
[BlackElo "1645"]
[PlyCount "42"]

1. Nf3 f5 2. d3 Nf6 3. g3 g6 4. Bg2 Bg7 5. Nbd2 d6 6. e4 fxe4 7. Nxe4 Nxe4 8.
dxe4 c6 9. c3 Bg4 10. Be3 Rf8 11. h3 Be6 12. Bd4 Bh6 13. Qd3 Bg8 14. c4 Nd7 15.
Rd1 Qa5+ 16. Bc3 Qxa2 17. e5 Bxc4 18. Qd4 Bb3 19. exd6 Bxd1 20. dxe7 Rg8 21.
Qxd1 Qe6+ 0-1

[Event "Ostravský koník 2014 - FIDE Open B"]
[Site "Ostrava, CZE"]
[Date "2014.05.02"]
[Round "7"]
[White "Kosár ml., Mikulás"]
[Black "Filip, Tomás"]
[Result "0-1"]
[WhiteElo "1896"]
[BlackElo "1595"]
[PlyCount "76"]

1. e4 c5 2. f4 e6 3. Nf3 d5 4. Bb5+ Bd7 5. Bxd7+ Qxd7 6. exd5 exd5 7. d4 Nc6 8.
O-O Nf6 9. Re1+ Be7 10. Ne5 Qc7 11. Nc3 O-O 12. Nxc6 bxc6 13. Kh1 Bd6 14. g3
Rfe8 15. Be3 Rxe3 16. Rxe3 cxd4 17. Qxd4 c5 18. Qa4 d4 19. Re2 dxc3 20. bxc3 c4
21. h3 Rb8 22. Rae1 h5 23. Kg2 h4 24. Rf1 hxg3 25. Kxg3 Bxf4+ 26. Kg2 Be5 27.
Rf3 Nd5 28. Re1 Nxc3 29. Qa3 Nd5 30. Qc1 Nf4+ 31. Kf1 Ng6 32. Qg5 c3 33. Re4
Rb1+ 34. Kg2 Qc6 35. Rfe3 Qf6 36. Qxf6 Bxf6 37. Ra4 Kh7 38. Rxa7 Bd4 0-1

[Event "Ostravský koník 2014 - FIDE Open B"]
[Site "Ostrava, CZE"]
[Date "2014.05.02"]
[Round "7"]
[White "Mikulencák, Jan"]
[Black "Zidek, Daniel"]
[Result "1-0"]
[WhiteElo "1834"]
[BlackElo "1475"]
[PlyCount "118"]

1. e4 g6 2. d4 Bg7 3. Nc3 d6 4. Be3 Nf6 5. Nf3 O-O 6. Bd3 c6 7. h3 Nbd7 8. O-O
e6 9. Qd2 Nh5 10. g4 Nhf6 11. Bh6 e5 12. Bxg7 Kxg7 13. Rad1 exd4 14. Nxd4 Ne5
15. Be2 h5 16. g5 Bxh3 17. gxf6+ Qxf6 18. f4 Bxf1 19. fxe5 Qxe5 20. Bxf1 h4 21.
Qg2 Rh8 22. Nf5+ Kf8 23. Nxd6 g5 24. Qf2 Rh7 25. Bc4 Qe7 26. e5 Rd8 27. Qf6 g4
28. Qxe7+ Kxe7 29. Nce4 Rh5 30. Bxf7 Rxe5 31. Bg6 Rxe4 32. Nf5+ Kf6 33. Rxd8
Kxg6 34. Nxh4+ Kg5 35. Ng2 Re2 36. Rd7 Rxc2 37. Rxb7 g3 38. Rg7+ Kf6 39. Rxg3
Rxb2 40. Ra3 Rb7 41. Ra6 Rc7 42. Ne3 Ke5 43. Kf2 Kd4 44. Ke2 Kc5 45. Kd3 Kb5
46. Ra3 c5 47. Nc4 Rd7+ 48. Kc3 Rh7 49. Ra5+ Kc6 50. Ra6+ Kb7 51. Rd6 Rh3+ 52.
Rd3 Rxd3+ 53. Kxd3 Kc6 54. a4 a6 55. Ke4 Kb7 56. Kd5 Ka7 57. Kxc5 Kb7 58. Kb4
Kc6 59. Ka5 Kb7 1-0

[Event "Ostravský koník 2014 - FIDE Open B"]
[Site "Ostrava, CZE"]
[Date "2014.05.02"]
[Round "7"]
[White "Kusák, Lubomír"]
[Black "Badacová, Irena"]
[Result "1-0"]
[WhiteElo "1685"]
[BlackElo "1818"]
[PlyCount "97"]

1. e4 d5 2. exd5 Nf6 3. Bb5+ Bd7 4. Bxd7+ Qxd7 5. c4 g6 6. Nc3 Bg7 7. Nf3 Qg4
8. Qe2 O-O 9. O-O Re8 10. h3 Qf5 11. g4 Qc8 12. d4 Nbd7 13. Bf4 a6 14. Qd3 Nb6
15. Kg2 c6 16. d6 exd6 17. Bxd6 Qe6 18. c5 Nbd5 19. Bg3 Rad8 20. Rae1 Qd7 21.
Ne5 Qc8 22. Nc4 Nb4 23. Qd2 Qd7 24. Nd6 Rxe1 25. Rxe1 Nbd5 26. Be5 b6 27. Na4
b5 28. Nb6 Nxb6 29. cxb6 Nd5 30. b7 Bxe5 31. dxe5 Qc7 32. f4 Qb6 33. Qf2 c5 34.
Rc1 c4 35. a4 Qxf2+ 36. Kxf2 Nxf4 37. Ke3 Nd3 38. Ra1 Nxe5 39. Nc8 Nc6 40. axb5
axb5 41. Ra8 Rd3+ 42. Kf4 Rd4+ 43. Kg3 Kg7 44. Nb6 b4 45. Rc8 c3 46. bxc3 Rd3+
47. Kh4 b3 48. Nc4 Rxc3 49. Rxc6 1-0

[Event "Ostravský koník 2014 - FIDE Open B"]
[Site "Ostrava, CZE"]
[Date "2014.05.02"]
[Round "7"]
[White "Mejzr, Jan"]
[Black "Nytra, Ondrej"]
[Result "1-0"]
[WhiteElo "1798"]
[BlackElo "1452"]
[PlyCount "63"]

1. e4 e5 2. Nf3 Nc6 3. d4 exd4 4. Nxd4 Nf6 5. Nxc6 bxc6 6. Bd3 d5 7. e5 Ng4 8.
Bf4 Bc5 9. O-O O-O 10. h3 Nxf2 11. Rxf2 Bxf2+ 12. Kxf2 Qh4+ 13. Bg3 Qd4+ 14.
Kf1 Qxb2 15. Nd2 f6 16. Nf3 fxe5 17. Rb1 Qxa2 18. Bxe5 Qa5 19. Kg1 Qc5+ 20. Nd4
Re8 21. Qh5 Bf5 22. Bxf5 h6 23. Bd7 Re7 24. Bxc6 Rf8 25. Rb5 Qa3 26. Bxd5+ Kh7
27. Be4+ Kg8 28. Kh2 Qc1 29. Qg6 Rf1 30. Rb8+ Rf8 31. Qh7+ Kf7 32. Qxg7# 1-0

[Event "Ostravský koník 2014 - FIDE Open B"]
[Site "Ostrava, CZE"]
[Date "2014.05.02"]
[Round "7"]
[White "Cech, Jan"]
[Black "Berka, Lubos"]
[Result "1/2-1/2"]
[WhiteElo "1615"]
[BlackElo "1793"]
[PlyCount "114"]

1. e4 d6 2. d4 Nf6 3. Nc3 g6 4. Be3 Bg7 5. f3 O-O 6. Qd2 a6 7. g4 Nbd7 8. h4 c5
9. O-O-O cxd4 10. Bxd4 b5 11. Kb1 Bb7 12. h5 Re8 13. hxg6 fxg6 14. g5 Nh5 15.
Bxg7 Kxg7 16. Qd4+ Kg8 17. Nge2 Qb6 18. Bh3 Qxd4 19. Be6+ Kg7 20. Rxd4 Ne5 21.
f4 Nc6 22. Rd2 Bc8 23. Bxc8 Raxc8 24. Nd5 Rf8 25. Rf1 Rf7 26. Rd3 Kg8 27. Rc3
e6 28. Nb4 Na7 29. Rxc8+ Nxc8 30. Nxa6 Nb6 31. b3 e5 32. f5 gxf5 33. Rxf5 Rxf5
34. exf5 Nd5 35. a4 bxa4 36. bxa4 Nhf4 37. c4 Nb6 38. Ng3 Nxc4 39. Nb8 d5 40.
Nc6 Nh3 41. g6 Nf4 42. gxh7+ Kxh7 43. a5 Kg7 44. a6 Kf6 45. a7 Nb6 46. Kc2 e4
47. Kc3 e3 48. Kb4 e2 49. Nxe2 Nxe2 50. Kb5 Na8 51. Ka6 d4 52. Kb7 d3 53. Nb4
d2 54. Nd5+ Ke5 55. Ne3 Nc3 56. Nc4+ Kxf5 57. Kxa8 Nb5 1/2-1/2

[Event "Ostravský koník 2014 - FIDE Open B"]
[Site "Ostrava, CZE"]
[Date "2014.05.02"]
[Round "7"]
[White "Ramian, Zdenek"]
[Black "Klecka, Ivo"]
[Result "1/2-1/2"]
[WhiteElo "1775"]
[BlackElo "1756"]
[PlyCount "58"]

1. d4 Nf6 2. Nf3 e6 3. c4 b6 4. g3 Bb7 5. Bg2 d5 6. cxd5 Bxd5 7. O-O Be7 8. Nc3
c6 9. Nxd5 cxd5 10. Bg5 O-O 11. Rc1 Nbd7 12. Qb3 Ne4 13. Bxe7 Qxe7 14. Rc2 Rac8
15. Rfc1 Rxc2 16. Qxc2 Qb4 17. e3 Nd6 18. a3 Qc4 19. Qb1 Qa6 20. Bf1 Qb7 21.
Rc2 f6 22. Qc1 Rc8 23. Bd3 Nf8 24. h4 Rxc2 25. Qxc2 Qc8 26. Qxc8 Nxc8 27. Kf1
Nd6 28. Nd2 Nd7 29. Ke2 g6 1/2-1/2

[Event "Ostravský koník 2014 - FIDE Open B"]
[Site "Ostrava, CZE"]
[Date "2014.05.02"]
[Round "7"]
[White "Chlebek, Jan"]
[Black "Klimes, Jan"]
[Result "1-0"]
[WhiteElo "1543"]
[BlackElo "1763"]
[PlyCount "71"]

1. e4 c5 2. Nf3 Nc6 3. d4 cxd4 4. Nxd4 d6 5. Nc3 g6 6. Be3 Bg7 7. Bc4 Nf6 8. f3
Bd7 9. Qd2 a6 10. h4 Na5 11. Bb3 Nxb3 12. Nxb3 Qc7 13. h5 O-O-O 14. h6 Bf8 15.
g4 Bc6 16. Nd4 e5 17. Nxc6 Qxc6 18. g5 Nd7 19. Nd5 Kb8 20. Bf2 Rc8 21. Qe3 Qc5
22. Qb3 Qb5 23. Qe3 Qc5 24. Qb3 Qb5 25. Qxb5 axb5 26. b4 Rxc2 27. O-O f6 28.
Be3 fxg5 29. Bxg5 Rc6 30. Rac1 Rg8 31. Kf2 Ka7 32. Ke2 Nb8 33. Be3+ b6 34. a4
Rxc1 35. Rxc1 bxa4 36. b5 1-0

[Event "Ostravský koník 2014 - FIDE Open B"]
[Site "Ostrava, CZE"]
[Date "2014.05.02"]
[Round "7"]
[White "Crha, Bretislav"]
[Black "Vinklárek, Robert"]
[Result "1/2-1/2"]
[WhiteElo "1799"]
[BlackElo "1752"]
[PlyCount "58"]

1. e4 c6 2. Nf3 d5 3. e5 Bf5 4. d4 e6 5. Be2 c5 6. O-O Nc6 7. Be3 cxd4 8. Bxd4
a6 9. c3 Nge7 10. Bd3 Bxd3 11. Qxd3 Ng6 12. g3 Qc7 13. Re1 Nxd4 14. cxd4 Bb4
15. Rd1 O-O 16. Nbd2 Bxd2 17. Qxd2 b5 18. Rac1 Qb7 19. Rc5 Rac8 20. Rdc1 Rxc5
21. Rxc5 Rc8 22. Qc2 Rxc5 23. Qxc5 Ne7 24. Qd6 h6 25. g4 a5 26. Nd2 Kh7 27. Nb3
Qa7 28. Nc5 a4 29. Nd7 Qxd4 1/2-1/2

[Event "Ostravský koník 2014 - FIDE Open B"]
[Site "Ostrava, CZE"]
[Date "2014.05.02"]
[Round "7"]
[White "Snásel, Michal"]
[Black "Vyvial, Patrik"]
[Result "1-0"]
[WhiteElo "1726"]
[BlackElo "1323"]
[PlyCount "79"]

1. e4 d5 2. Nc3 d4 3. Nce2 e5 4. Ng3 Nf6 5. Bc4 Nc6 6. a3 Be7 7. d3 O-O 8. Nf3
Bg4 9. O-O Qd7 10. Qe2 Rad8 11. h3 Be6 12. Bb5 Qd6 13. Nh2 a6 14. Bxc6 Qxc6 15.
f4 Qc5 16. f5 Bd7 17. Ng4 Rfe8 18. Kh2 Kh8 19. Rf2 Ba4 20. Nf1 Nxg4+ 21. hxg4
Bh4 22. g3 Be7 23. g5 Rd6 24. b3 Qc3 25. Rb1 Bd7 26. Bb2 Qa5 27. Nd2 b5 28. Nf3
f6 29. g6 h6 30. Rh1 Rc6 31. Kg2 Rb8 32. Bc1 Bf8 33. Ne1 Qc3 34. Bd2 Qb2 35.
Rxh6+ gxh6 36. Qh5 Bg7 37. Bxh6 Qxa3 38. Bxg7+ Kxg7 39. Qh7+ Kf8 40. Qf7# 1-0

[Event "Ostravský koník 2014 - FIDE Open B"]
[Site "Ostrava, CZE"]
[Date "2014.05.02"]
[Round "7"]
[White "Skrle, Vladimír"]
[Black "Kocí, Tomás"]
[Result "1-0"]
[WhiteElo "1830"]
[BlackElo "1710"]
[PlyCount "69"]

1. e4 e5 2. Nf3 Nf6 3. Nc3 Nc6 4. Bc4 Bc5 5. d3 d6 6. Bg5 O-O 7. Nd5 Bg4 8.
Nxf6+ gxf6 9. Bh6 Re8 10. h3 Be6 11. g4 Bxc4 12. dxc4 Kh8 13. Qd2 Nd4 14. Nxd4
exd4 15. O-O-O Rxe4 16. Rde1 Qe8 17. Qd1 Bb4 18. Bd2 Bxd2+ 19. Qxd2 Re6 20.
Rxe6 fxe6 21. Qxd4 e5 22. Qd3 Qc6 23. Rg1 Qd7 24. Qf3 Qd8 25. Qxb7 Rb8 26. Qf3
Rb4 27. b3 Rb6 28. h4 Qd7 29. Qxf6+ Kg8 30. h5 Rb8 31. Qg5+ Kh8 32. Qe3 c6 33.
g5 Qf7 34. g6 hxg6 35. Rxg6 1-0

[Event "Ostravský koník 2014 - FIDE Open B"]
[Site "Ostrava, CZE"]
[Date "2014.05.02"]
[Round "7"]
[White "Stonavský, Filip"]
[Black "Szabó, Pavel"]
[Result "1-0"]
[WhiteElo "1558"]
[BlackElo "1720"]
[PlyCount "71"]

1. d4 d5 2. c4 c6 3. Nf3 Nf6 4. Bf4 e6 5. Nc3 Nbd7 6. e3 Be7 7. Bd3 h6 8. Qc2
O-O 9. O-O dxc4 10. Bxc4 Nb6 11. Bd3 Nbd5 12. Bg3 Nb4 13. Qb1 Nxd3 14. Qxd3 b6
15. Rfd1 Bb7 16. e4 Qc8 17. Qc2 a6 18. Rd3 c5 19. d5 exd5 20. exd5 Nd7 21. d6
Bf6 22. Re1 Qd8 23. Nd5 Bxd5 24. Rxd5 Qc8 25. Nd2 Qc6 26. Rh5 Rae8 27. Re3 Rxe3
28. fxe3 Bg5 29. Nf1 Re8 30. Qd3 c4 31. Qd2 Qa4 32. Bf2 Bf6 33. Rd5 Qxa2 34.
Qc2 Qxb2 35. Qxc4 Qc3 36. Qc7 1-0

[Event "Ostravský koník 2014 - FIDE Open B"]
[Site "Ostrava, CZE"]
[Date "2014.05.02"]
[Round "7"]
[White "Müller, Leo"]
[Black "Haska, Filip"]
[Result "1-0"]
[WhiteElo "1873"]
[BlackElo "1380"]
[PlyCount "47"]

1. c4 e5 2. Nc3 Nf6 3. g3 Nc6 4. Bg2 Bc5 5. e3 O-O 6. Nge2 d5 7. d4 Bb6 8. O-O
Bg4 9. Qd2 Re8 10. a3 e4 11. b4 a6 12. Nf4 Qe7 13. Nfxd5 Nxd5 14. cxd5 Nd8 15.
Nxe4 Bf5 16. Nc3 f6 17. h4 Nf7 18. f4 Qxe3+ 19. Qxe3 Rxe3 20. Bxe3 Re8 21. Bf2
Nh6 22. Rfe1 Rxe1+ 23. Rxe1 Ng4 24. Ne2 1-0

[Event "Ostravský koník 2014 - FIDE Open B"]
[Site "Ostrava, CZE"]
[Date "2014.05.02"]
[Round "7"]
[White "Petrov, Nikolaj"]
[Black "Balon, René"]
[Result "1-0"]
[WhiteElo "1777"]
[BlackElo "1759"]
[PlyCount "61"]

1. Nf3 d5 2. c4 c6 3. d4 Nf6 4. g3 Bf5 5. b3 e6 6. Bg2 Nbd7 7. O-O Be7 8. Nc3
O-O 9. Nh4 Bg6 10. Nxg6 hxg6 11. e4 dxe4 12. Nxe4 e5 13. Bb2 Nxe4 14. Bxe4 exd4
15. Bxd4 Bf6 16. Bg2 Qc7 17. Rb1 Bxd4 18. Qxd4 Rfd8 19. Rfe1 c5 20. Qd5 Nf6 21.
Qxb7 Qa5 22. Qb5 Qxb5 23. cxb5 Rab8 24. a4 Kf8 25. Re5 Ng4 26. Rxc5 Rd2 27. Rc7
Re8 28. h3 Nxf2 29. Rf1 Ree2 30. Rxa7 f6 31. Rc1 1-0

[Event "Ostravský koník 2014 - FIDE Open B"]
[Site "Ostrava, CZE"]
[Date "2014.05.02"]
[Round "7"]
[White "Rychtecký, Pavel"]
[Black "Kocur, Radim"]
[Result "1-0"]
[WhiteElo "1717"]
[BlackElo "1719"]
[PlyCount "153"]

1. e4 e5 2. Nf3 Nc6 3. Bb5 Bc5 4. O-O Nge7 5. Nxe5 Nxe5 6. d4 c6 7. Ba4 Bd6 8.
dxe5 Bxe5 9. c4 O-O 10. Bb3 c5 11. Nd2 Ng6 12. Nf3 Bf6 13. Rb1 d6 14. h3 Qc7
15. Bg5 Qe7 16. Bxf6 Qxf6 17. Bc2 Bd7 18. Nh2 Rad8 19. Qd2 Rfe8 20. b3 Bc6 21.
f3 Qh4 22. Ng4 h5 23. Ne3 Qf4 24. Rbd1 Qe5 25. Bb1 Nf4 26. Kh1 Re6 27. Nd5 Bxd5
28. cxd5 Rg6 29. Rg1 Re8 30. Qf2 a6 31. Bd3 b5 32. Bf1 Rh6 33. g3 Ng6 34. Bd3
Rc8 35. f4 Qe7 36. h4 Nf8 37. Qe2 Nd7 38. Kh2 Nf6 39. Rc1 Ng4+ 40. Kg2 Qa7 41.
Rge1 Re8 42. Bb1 Qd7 43. Qf1 Re7 44. Re2 Qe8 45. Rce1 Qd7 46. Qf3 Kf8 47. e5
dxe5 48. fxe5 Kg8 49. Bf5 Qd8 50. d6 Re8 51. Qf4 Qa8+ 52. Be4 Qd8 53. Bd5 Rf8
54. Rf1 Re6 55. Bxe6 fxe6 56. Qxf8+ Qxf8 57. Rxf8+ Kxf8 58. Kf3 Ke8 59. Kf4 Nh6
60. Rc2 Nf7 61. Rxc5 g6 62. Rc8+ Kd7 63. Rc7+ Ke8 64. Re7+ Kf8 65. Rxe6 Nd8 66.
Rxg6 Kf7 67. Kf5 Ke8 68. Rg7 a5 69. Kf6 Kf8 70. Re7 b4 71. Rd7 Ke8 72. Rxd8+
Kxd8 73. e6 Ke8 74. d7+ Kd8 75. Kf7 a4 76. e7+ Kxd7 77. e8=Q+ 1-0